Statistics for UK Airport codes

Click here to take the quiz!

General Stats

  • This quiz has been taken 52 times
  • The average score is 15 of 31

Answer Stats

HintAnswer% Correct
London HeathrowLHR
90%
London GatwickLGW
84%
ManchesterMAN
84%
InvernessINV
77%
Glasgow IntGLA
71%
EdinburghEDI
68%
JerseyJER
65%
London CityLCY
65%
London StanstedSTN
58%
BristolBRS
55%
Isle of ManIOM
55%
SouthamptonSOU
55%
BirminghamBHX
52%
ExeterEXT
52%
Nottingham East MidlandsEMA
48%
Leeds BradfordLBA
48%
Liverpool (John Lennon)LPL
48%
London LutonLTN
48%
Belfast InternationalBFS
45%
NewcastleNCL
45%
LondonderryLDY
42%
AberdeenABZ
35%
Newquay CornwallNQY
35%
CardiffCWL
32%
London SouthendSEN
32%
Belfast City (George Best)BHD
26%
Doncaster Sheffield (Robin Hood)DSA
26%
Glasgow PreswickPIK
23%
NorwichNWI
19%
BounemouthBOH
16%
GuernseyGCI
6%

Score Distribution

Percentile by Number Answered

Percent of People with Each Score

Your Score History

You have not taken this quiz